Представление документа в формате MARC21

Поле Инд. ПП Название Значение
Тип записи a
Библиографический уровень m
001 Контрольный номер 854bd5a9-1e37-4ce5-85bd-75f6a99bc119
005 Дата корректировки 20230420113200.7
008 Кодируемые данные 070206
020 a ISBN 978-5-16-002907-8
040 a Служба первич. каталог. НБ ТвГУ
041 0_ a Код языка текста rus
080 a Индекс УДК 316.354(075.8)
a Индекс УДК 005(075.8)
084 a Индекс другой классификации/Индекс ББК С55я73-1
a Индекс другой классификации/Индекс ББК С8я73-1
090 x Авторский знак М60
a Полочн. индекс С55
100 1_ a Автор Мильнер Борис Захарович
245 10 a Заглавие Теория организации
b Продолж. заглавия учеб. для студентов вузов, обучающихся по направлению подгот. 521500 Менеджмент, специальностям 061000 Государственное и муниципальное управление, 061100 Менеджмент организации
c Ответственность Б. З. Мильнер
250 a Основные сведения об издании Изд. 6-е, перераб. и доп.
260 0_ a Место издания Москва
b Издательство ИНФРА-М
c Дата издания 2007
300 a Объем 794, [2] с.
b Иллюстрации/ тип воспроизводства ил., табл.
c Размеры 22 см.
504 a Библиография Библиогр.: с. 780-790.
650 04 a Основная рубрика Организации теория
x Основная подрубрика Учебники для вузов
650 04 a Основная рубрика Организация
x Основная подрубрика Социология
650 04 a Основная рубрика Управление
x Основная подрубрика Организационная структура
x Основная подрубрика Информационные технологии
653 0_ a Ключевые слова Организация
a Ключевые слова Теория организации
a Ключевые слова Организации
a Ключевые слова Социология организаций
a Ключевые слова Управление
a Ключевые слова Социальное управление
a Ключевые слова Организационные структуры
a Ключевые слова Информационные технологии
a Ключевые слова Предприятия
a Ключевые слова Виртуальные корпорации
a Ключевые слова Электронный бизнес
852 41 i Расстановочный признак Проверка 2023
920 a Оператор Семен
930 a Новая/Ретро учебники
952 c Вид литературы К ру
954 a Дата поступления на обработку 20070206
e Дата перешифровки Проверка 2023